000
00274nam a22001217a 4500
008
170425b xxu||||| |||| 00| 0 eng d
041
_a
eng
080
_a
12
100
_a
12
101
_a
SHM
245
_a
ORGANIC CHEMISTRY OF BIVALENT SULFUR
_c
REID, E.E
942
_2
udc
_c
BK
999
_c
11966
_d
11966